000
00182nam a2200085 4500
001
1258555
005
20260312191421.0
245
_a
SÖZ
_c
KAHRAMAN TAZEOĞLU
260
_b
DESTEK YAYINLARI
999
_c
1258555
_d
1258555